Hauptstädte Europas und Nord-/Mittelamerikas - Statistiken

Allgemein
  • Dieses Quiz wurde 37 mal gespielt
    16 seit der letzten Aktualisierung
  • Das Durchschnittsergebnis liegt bei 53 aus 68
Antwortstatistiken
Hint Antwort % Korrekt
Niederlande Amsterdam
92%
Griechenland Athen
92%
Serbien Belgrad
92%
Deutschland Berlin
92%
Schweiz Bern
92%
Slowakei Bratislava
92%
Belgien Brüssel
92%
Ungarn Budapest
92%
Rumänien Bukarest
92%
Irland Dublin
92%
Finnland Helsinki
92%
Dänemark Kopenhagen
92%
Portugal Lissabon
92%
Slowenien Ljubljana
92%
Vereinigtes Königreich London
92%
Luxemburg Luxemburg
92%
Mexiko Mexiko-Stadt
92%
Belarus Minsk
92%
Monaco Monaco
92%
Russland Moskau
92%
Norwegen Oslo
92%
Frankreich Paris
92%
Tschechien Prag
92%
Island Reykjavik
92%
Lettland Riga
92%
Italien Rom
92%
Nordmazedonien Skopje
92%
Schweden Stockholm
92%
Albanien Tirana
92%
Vatikan Vatikanstadt
92%
Polen Warschau
92%
Vereinigte Staaten Washington D. C.
92%
Österreich Wien
92%
Kroatien Zagreb
92%
Kuba Havanna
83%
Ukraine Kiew
83%
Spanien Madrid
83%
Kanada Ottawa
83%
Kosovo Priština
83%
San Marino San Marino
83%
Bulgarien Sofia
83%
Estland Tallinn
83%
Lichtenstein Vaduz
83%
Malta Valletta
83%
Litauen Vilnius
83%
Andorra Andorra la Vella
75%
Moldawien Chișinău
75%
Jamaika Kingston
75%
St. Vincent und die Grenadinen Kingstown
75%
Panama Panama-Stadt
75%
Montenegro Podgorica
75%
Bosnien und Herzegowina Sarajevo
75%
Guatemala Guatemala-Stadt
67%
Haiti Port-au-Prince
67%
El Salvador San Salvador
67%
Costa Rica San José
58%
DominikanischeRepublik Santo Domingo
58%
Barbados Bridgetown
50%
Bahamas Nassau
50%
St. Kitts und Nevis Basseterre
42%
St. Lucia Castries
42%
Trinidad und Tobago Port-of-Spain
42%
Grenada Saint George's
42%
Antigua und Barbuda Saint John's
42%
Belize Belmopan
33%
Honduras Tegucigalpa
33%
Nicaragua Managua
25%
Dominica Roseau
25%
Keine übereinstimmenden Quizze gefunden
Verteilung der Resultate
Anzahl Personen mit jedem Resultat
Perzentil nach korrekt beantworteten Fragen
Ihre Resultats-Entwicklung
Sie haben dieses Quiz seit der letzten Aktualisierung nicht gespielt